The proposal of effective communication model in multicultural collaborative teams in industrial enterprises
Saved in:
| Main Author: | |
|---|---|
| Other Authors: | |
| Format: | Manuscript Book |
| Language: | Slovak English |
| Published: |
2018
|
| Subjects: | |
| Online Access: | http://is.stuba.sk/zp/portal_zp.pl?podrobnosti=132535 |
| Tags: |
No Tags, Be the first to tag this record!
|
MARC
| LEADER | 00000ntm a22000003a 4500 | ||
|---|---|---|---|
| 001 | stuzp56998 | ||
| 003 | SK-STU | ||
| 005 | 20181118233636.3 | ||
| 007 | ta | ||
| 008 | 150427s2015----xo-----f-mn---000-0-slo-d | ||
| 035 | |a 69804 | ||
| 035 | |a biblio/69804 |2 CREPC2 | ||
| 040 | |a STU |b slo | ||
| 041 | 0 | |a eng | |
| 044 | |a xo | ||
| 100 | 1 | |a Pechanová, Ľubica, |d 1988- |u 064000 |4 aut |9 100 |U MTF Materiálovotechnologická fakulta |T MTF Ústav priemyselného inžinierstva a manažmentu |X 77023 |U M4000 |Y 84 |7 A000077023 | |
| 242 | 0 | 1 | |a Návrh modelu efektívnej komunikácie v multikultúrnych kolaboratívnych tímoch priemyselných podnikov |y slo |
| 245 | 1 | 0 | |a The proposal of effective communication model in multicultural collaborative teams in industrial enterprises |
| 260 | |c 2018 | ||
| 300 | |a 144 s.+príl. |e 1 CD-ROM, autoreferát | ||
| 650 | 4 | |a Multikultúrne kolaboratívne tímy |2 slo | |
| 650 | 4 | |a Efektívna komunikácia |2 slo | |
| 650 | 4 | |a Multikultúrne tímy |2 slo | |
| 650 | 4 | |a Effective communication |2 eng | |
| 650 | 4 | |a Multicultural teams |2 eng | |
| 650 | 4 | |a Multicultural collaborative teams |2 eng | |
| 700 | 1 | |a Cagáňová, Dagmar, |d 1971- |u 064000 |k Z1 |4 ths |U MTF Materiálovotechnologická fakulta |T MTF Ústav priemyselného inžinierstva a manažmentu |X 2785 |U M4000 |Y 84 |7 A000002785 | |
| 856 | 4 | |u http://is.stuba.sk/zp/portal_zp.pl?podrobnosti=132535 | |
| 996 | |c M* DzP-643 |l MMSKP |s P |a 0 |w stuzp56998_0001 | ||